Understanding contemporary China / (Record no. 11801)

000 -LEADER
fixed length control field 00452cam a2200157 a 4500
020 ## - INTERNATIONAL STANDARD BOOK NUMBER
ISBN 1555876870 (hc. : alk. paper)
020 ## - INTERNATIONAL STANDARD BOOK NUMBER
ISBN 1555876862 (pbk. : alk. paper)
040 ## - CATALOGING SOURCE
Transcribing agency DLC
082 00 - DEWEY DECIMAL CLASSIFICATION NUMBER
Classification number 951 LYN 1999 A100 Or.
245 00 - TITLE STATEMENT
Title Understanding contemporary China /
260 ## - PUBLICATION, DISTRIBUTION, ETC. (IMPRINT)
Place of publication Boulder :
Name of publisher Lynne Rienner Publishers,
Year of publication 1999.
300 ## - PHYSICAL DESCRIPTION
Number of Pages xvi, 416 p. :
Other physical details ill., maps ;
Dimensions 24 cm.
490 1# - SERIES STATEMENT
Series statement Understanding
700 1# - ADDED ENTRY--PERSONAL NAME
Personal name Gamer, Robert E.,
942 ## - ADDED ENTRY ELEMENTS (KOHA)
Koha item type សៀវភៅភាសាអង់គ្លេស
952 ## - LOCATION AND ITEM INFORMATION (KOHA)
Withdrawn status [LOCAL, KOHA] 0
952 ## - LOCATION AND ITEM INFORMATION (KOHA)
Withdrawn status [LOCAL, KOHA] 0
952 ## - LOCATION AND ITEM INFORMATION (KOHA)
Withdrawn status [LOCAL, KOHA] 0
Holdings
Permanent Location Date acquired Koha item type Lost status Shelving location Barcode Current Location Full call number
Library Block A2017-08-07សៀវភៅភាសាអង់គ្លេស A099A17252Library Block A951 LYN 1999 A099 Or.
Library Block A2017-08-07សៀវភៅភាសាអង់គ្លេស A103A14441Library Block A951 LYN 1999 A103 Or.
Library Block A2017-08-07សៀវភៅភាសាអង់គ្លេស A100A13679Library Block A951 LYN 1999 A100 Or.
មជ្ឈមណ្ឌលឯការនៃសាកលវិទ្យាល័យភូមិន្ទកសិកម្មចំការដូង

Powered by Koha